Klinický prípad: Stopkatá polypoidná lézia na stehne

Bibliographic Details
Main Author: Szép, Zoltán, 1973- (Author)
Format: Article
Language:Slovak

MARC

LEADER 00000nab a2200000uu 4500
001 vtls011136386
003 SK-MaSNL
005 20260303125442.0
008 230218|2008 xo |||||||||||||||||slo|
015 |a SNBRB 
035 |a (urnnbn)urn:nbn:sk:snk:ar-007q57 
035 |a (uuid)856599fb-16f4-4c53-a4b2-81ba79370abd 
035 |a urn:nbn:sk:snk-abap8z 
040 |a SNKBUCL  |b slo  |c SNKBUCL  |e AACR2 
041 0 |a slo 
044 |a xo  |c SK 
100 1 |a Szép, Zoltán,  |d 1973-  |4 aut  |9 208311 
245 1 0 |a Klinický prípad: Stopkatá polypoidná lézia na stehne  |c Z. Szép 
773 0 |t Česko-slovenská dermatologie : časopis dermatovenerologických společností  |g Roč. 83, č. 4 (2008), s. 209-211 
954 |a odborná, vedecká literatúra pôvodná (slovenská)  |2 lita 
958 |a OND 
958 |a EUIPO 
958 |a article14 
999 |c 1934849  |d 1936779